[Event "DEM U12w 2017"]
[Site "Willingen GER"]
[Date "2017.06.06"]
[Round "5"]
[White "Liu, Sijia Anna"]
[Black "Dietz, Kristin"]
[Result "0-1"]
[Termination "normal"]
[Board "3"]
[WhiteElo "1529"]
[BlackElo "1733"]
[WhiteClock "00:58:03"]
[BlackClock "00:40:01"]
[PlyCount "136"]
[WhiteFideId "12989746"]
[BlackFideId "12993743"]
[EventCountry "GER"]
[EventRounds "11"]
[EventType "swiss"]
[EventDate "2017.06.03"]

1. e4 {[%clk 1:16:25]} 1... c5 {[%clk 1:16:23]} 2. Nf3 {[%clk 1:16:48]} 2... e6
{[%clk 1:16:47]} 3. d4 {[%clk 1:17:13]} 3... cxd4 {[%clk 1:17:08]} 4. Nxd4 {
[%clk 1:17:39]} 4... Nf6 {[%clk 1:17:26]} 5. Nc3 {[%clk 1:18:04]} 5... Nc6 {
[%clk 1:17:29]} 6. Be3 {[%clk 1:17:30]} 6... Bb4 {[%clk 1:17:31]} 7. Bd3 {
[%clk 1:15:34]} 7... d5 {[%clk 1:17:05]} 8. f3 {[%clk 1:11:20]} 8... Bxc3+ {
[%clk 1:05:02]} 9. bxc3 {[%clk 1:11:42]} 9... e5 {[%clk 1:04:07]} 10. Ne2 {
[%clk 1:10:35]} 10... O-O {[%clk 1:04:05]} 11. Bg5 {[%clk 1:10:04]} 11... dxe4
{[%clk 1:03:07]} 12. Bxe4 {[%clk 1:07:39]} 12... Qxd1+ {[%clk 1:02:14]} 13.
Rxd1 {[%clk 1:08:04]} 13... Nxe4 {[%clk 1:02:35]} 14. fxe4 {[%clk 1:08:30]}
14... Bg4 {[%clk 1:02:57]} 15. h3 {[%clk 1:08:23]} 15... Bxe2 {[%clk 1:03:00]}
16. Kxe2 {[%clk 1:08:48]} 16... f6 {[%clk 1:02:54]} 17. Be3 {[%clk 1:09:04]}
17... Rfd8 {[%clk 1:03:03]} 18. Rd3 {[%clk 1:09:03]} 18... a6 {[%clk 1:03:07]}
19. Rb1 {[%clk 1:07:55]} 19... b5 {[%clk 1:01:15]} 20. Rbd1 {[%clk 1:07:17]}
20... Rac8 {[%clk 0:53:53]} 21. Bb6 {[%clk 1:05:12]} 21... Re8 {[%clk 0:51:13]}
22. Rd7 {[%clk 1:03:56]} 22... Ne7 {[%clk 0:48:10]} 23. Rc7 {[%clk 1:01:11]}
23... Rxc7 {[%clk 0:47:58]} 24. Bxc7 {[%clk 1:01:33]} 24... Rc8 {[%clk 0:48:19]
} 25. Rd8+ {[%clk 1:01:37]} 25... Rxd8 {[%clk 0:45:27]} 26. Bxd8 { [%clk
1:01:30]} 26... Ng6 {[%clk 0:44:47]} 27. g3 {[%clk 1:00:29]} 27... Kf7 { [%clk
0:44:34]} 28. Kd3 {[%clk 1:00:48]} 28... Ke8 {[%clk 0:44:23]} 29. Ba5 { [%clk
1:00:42]} 29... Nf8 {[%clk 0:44:38]} 30. c4 {[%clk 0:59:48]} 30... Ne6 { [%clk
0:44:38]} 31. Bb4 {[%clk 1:00:03]} 31... bxc4+ {[%clk 0:45:02]} 32. Kxc4 {[%clk
0:59:46]} 32... Ng5 33. Kd5 33... Nxh3 {[%clk 0:45:14]} 34. c4 { [%clk
0:59:35]} 34... Ng5 {[%clk 0:45:13]} 35. c5 {[%clk 0:59:16]} 35... Kd8 { [%clk
0:45:23]} 36. c6 {[%clk 0:59:26]} 36... g6 {[%clk 0:45:34]} 37. Bd6 { [%clk
0:58:58]} 37... Nf7 {[%clk 0:45:17]} 38. Ke6 {[%clk 0:58:53]} 38... Ng5+ {[%clk
0:45:02]} 39. Kxf6 {[%clk 0:58:56]} 39... Nxe4+ {[%clk 0:45:18]} 40. Kxe5
{[%clk 0:59:05]} 40... Nxg3 {[%clk 0:44:57]} 41. Kf4 {[%clk 0:57:57]} 41... Nf5
{[%clk 0:45:06]} 42. Be5 {[%clk 0:58:03]} 42... Kc8 {[%clk 0:43:46]} 43. Kg5
{[%clk 0:57:15]} 43... Ne3 {[%clk 0:40:45]} 44. Bf4 {[%clk 0:56:45]} 44... Nf5
{[%clk 0:40:32]} 45. Kf6 {[%clk 0:52:44]} 45... Nd4 {[%clk 0:35:57]} 46. Kg7
{[%clk 0:51:31]} 46... Ne6+ {[%clk 0:35:19]} 47. Kxh7 {[%clk 0:51:58]} 47...
Nxf4 {[%clk 0:35:29]} 48. Kh6 {[%clk 0:52:27]} 48... Kc7 {[%clk 0:35:25]} 49.
Kg5 {[%clk 0:52:51]} 49... Nd3 {[%clk 0:35:44]} 50. Kxg6 {[%clk 0:53:12]} 50...
Kxc6 {[%clk 0:36:10]} 51. Kf5 {[%clk 0:53:36]} 51... Kd5 {[%clk 0:36:29]} 52.
Kg4 {[%clk 0:53:46]} 52... Kc4 {[%clk 0:36:34]} 53. Kf3 {[%clk 0:54:04]} 53...
Nb4 {[%clk 0:36:25]} 54. Ke2 {[%clk 0:54:03]} 54... Nxa2 {[%clk 0:36:36]} 55.
Kd2 {[%clk 0:54:26]} 55... Kb3 {[%clk 0:36:58]} 56. Kd3 {[%clk 0:54:46]} 56...
a5 {[%clk 0:37:18]} 57. Kd2 {[%clk 0:55:04]} 57... a4 {[%clk 0:37:43]} 58. Kd3
{[%clk 0:55:29]} 58... Nb4+ {[%clk 0:37:56]} 59. Kd2 {[%clk 0:55:52]} 59... a3
{[%clk 0:38:13]} 60. Ke3 {[%clk 0:55:51]} 60... a2 {[%clk 0:38:39]} 61. Ke4
{[%clk 0:55:58]} 61... a1=Q 62. Kf5 62... Qd4 {[%clk 0:38:07]} 63. Kg5 {[%clk
0:56:19]} 63... Qe4 {[%clk 0:38:28]} 64. Kf6 {[%clk 0:56:44]} 64... Nd5+ {[%clk
0:38:52]} 65. Kg5 {[%clk 0:57:02]} 65... Qf4+ {[%clk 0:39:18]} 66. Kg6 { [%clk
0:57:26]} 66... Ne7+ {[%clk 0:39:35]} 67. Kg7 {[%clk 0:57:47]} 67... Qf5 {[%clk
0:39:46]} 68. Kh8 {[%clk 0:58:03]} 68... Qf6+ {[%clk 0:40:01]} 0-1

[Event "DEM U12w 2017"]
[Site "Willingen GER"]
[Date "2017.06.06"]
[Round "5"]
[White "Reuter, Elisa"]
[Black "Stowicek, Yara Mathilda"]
[Result "1/2-1/2"]
[Termination "normal"]
[Board "4"]
[WhiteElo "1655"]
[BlackElo "1455"]
[WhiteClock "00:53:32"]
[BlackClock "00:18:38"]
[PlyCount "82"]
[WhiteFideId "12995444"]
[BlackFideId "16203569"]
[EventCountry "GER"]
[EventRounds "11"]
[EventType "swiss"]
[EventDate "2017.06.03"]

1. e4 {[%clk 1:15:57]} 1... e5 {[%clk 1:15:53]} 2. Nf3 {[%clk 1:16:20]} 2...
Nc6 {[%clk 1:16:16]} 3. Bc4 {[%clk 1:16:46]} 3... Bc5 {[%clk 1:16:37]} 4. c3 {
[%clk 1:17:13]} 4... Nf6 {[%clk 1:16:55]} 5. d3 {[%clk 1:17:40]} 5... d6 {
[%clk 1:17:13]} 6. O-O {[%clk 1:18:01]} 6... a6 {[%clk 1:17:28]} 7. Bb3 { [%clk
1:18:23]} 7... Ba7 {[%clk 1:17:49]} 8. Nbd2 {[%clk 1:17:39]} 8... O-O { [%clk
1:17:42]} 9. h3 {[%clk 1:17:57]} 9... Kh8 {[%clk 1:17:31]} 10. Re1 { [%clk
1:18:12]} 10... Nh5 {[%clk 1:01:37]} 11. Nf1 {[%clk 1:12:29]} 11... Qf6 { [%clk
0:53:00]} 12. Bg5 {[%clk 1:11:10]} 12... Qg6 {[%clk 0:52:41]} 13. Qd2 { [%clk
1:08:20]} 13... h6 {[%clk 0:52:11]} 14. Nh4 {[%clk 1:08:08]} 14... Qxg5 { [%clk
0:52:15]} 15. Qxg5 {[%clk 1:07:52]} 15... hxg5 {[%clk 0:52:32]} 16. Nf3 { [%clk
1:08:13]} 16... g4 {[%clk 0:52:36]} 17. hxg4 {[%clk 1:08:37]} 17... Bxg4 {[%clk
0:52:58]} 18. Ng5 {[%clk 1:08:37]} 18... f6 {[%clk 0:52:58]} 19. Ne6 { [%clk
1:08:37]} 19... Bxe6 {[%clk 0:52:58]} 20. Bxe6 {[%clk 1:08:37]} 20... Nf4
{[%clk 0:52:58]} 21. Bc4 {[%clk 1:08:37]} 21... Na5 {[%clk 0:51:21]} 22. Rad1 {
[%clk 1:03:40]} 22... Nxc4 {[%clk 0:51:26]} 23. dxc4 {[%clk 1:04:01]} 23... Kg8
{[%clk 0:50:50]} 24. Rd2 {[%clk 1:03:13]} 24... Kf7 {[%clk 0:49:35]} 25. g3 {
[%clk 1:02:56]} 25... Ne6 {[%clk 0:49:37]} 26. Kg2 {[%clk 1:03:03]} 26... Rh8 {
[%clk 0:49:16]} 27. Nh2 {[%clk 1:03:06]} 27... Rh7 {[%clk 0:48:36]} 28. Nf3 {
[%clk 1:01:49]} 28... Rah8 {[%clk 0:47:28]} 29. b4 {[%clk 1:01:05]} 29... g5 {
[%clk 0:37:38]} 30. a3 {[%clk 1:00:45]} 30... Kg6 {[%clk 0:32:53]} 31. a4 {
[%clk 1:00:24]} 31... Rd8 {[%clk 0:28:51]} 32. Red1 {[%clk 1:00:04]} 32... Rhd7
{[%clk 0:28:27]} 33. a5 {[%clk 0:59:32]} 33... f5 {[%clk 0:24:57]} 34. Nxe5+ {
[%clk 0:58:58]} 34... Kf6 {[%clk 0:21:04]} 35. Nxd7+ {[%clk 0:59:25]} 35...
Rxd7 {[%clk 0:21:26]} 36. exf5 {[%clk 0:59:37]} 36... Kxf5 {[%clk 0:21:28]} 37.
Rd5+ {[%clk 0:59:41]} 37... Kf6 {[%clk 0:21:23]} 38. c5 {[%clk 0:58:20]} 38...
Ke7 {[%clk 0:19:58]} 39. cxd6+ {[%clk 0:54:49]} 39... Rxd6 {[%clk 0:20:16]} 40.
Rxd6 {[%clk 0:53:38]} 40... cxd6 {[%clk 0:20:36]} 41. Rh1 {[%clk 0:53:32]}
41... Kd7 {[%clk 0:18:38]} 1/2-1/2

[Event "DEM U12w 2017"]
[Site "Willingen GER"]
[Date "2017.06.06"]
[Round "5"]
[White "Nguyen, Phuong Thao Vivien"]
[Black "Butenandt, Svenja"]
[Result "0-1"]
[Termination "normal"]
[Board "5"]
[WhiteElo "1540"]
[BlackElo "1473"]
[WhiteClock "00:11:22"]
[BlackClock "00:06:37"]
[PlyCount "72"]
[WhiteFideId "16210735"]
[BlackFideId "12993859"]
[EventCountry "GER"]
[EventRounds "11"]
[EventType "swiss"]
[EventDate "2017.06.03"]

1. e4 {[%clk 1:15:58]} 1... c5 {[%clk 1:15:45]} 2. Nf3 {[%clk 1:16:21]} 2... e6
{[%clk 1:16:08]} 3. d3 {[%clk 1:16:26]} 3... d6 {[%clk 1:15:54]} 4. g3 { [%clk
1:16:38]} 4... Nc6 {[%clk 1:14:58]} 5. Bg2 {[%clk 1:16:40]} 5... g6 { [%clk
1:15:07]} 6. O-O {[%clk 1:16:41]} 6... Bg7 {[%clk 1:15:27]} 7. Nc3 { [%clk
1:16:29]} 7... Nge7 {[%clk 1:14:07]} 8. Nh4 {[%clk 1:15:33]} 8... O-O { [%clk
1:13:24]} 9. f4 {[%clk 1:14:38]} 9... a6 {[%clk 1:09:58]} 10. Qe1 { [%clk
1:13:57]} 10... Re8 {[%clk 1:05:58]} 11. Be3 {[%clk 1:11:37]} 11... Qc7 { [%clk
1:00:19]} 12. Qf2 {[%clk 1:10:03]} 12... Nd4 {[%clk 0:58:15]} 13. Nf3 { [%clk
1:08:09]} 13... Ndc6 {[%clk 0:57:07]} 14. g4 {[%clk 1:05:10]} 14... f5 { [%clk
0:54:55]} 15. exf5 {[%clk 1:04:24]} 15... exf5 {[%clk 0:55:12]} 16. g5 { [%clk
1:04:01]} 16... Be6 {[%clk 0:50:21]} 17. Rae1 {[%clk 1:00:23]} 17... Bf7 {[%clk
0:47:08]} 18. Qd2 {[%clk 0:48:44]} 18... Na5 {[%clk 0:40:08]} 19. Bf2 { [%clk
0:45:08]} 19... Nd5 {[%clk 0:36:47]} 20. Nxd5 {[%clk 0:42:26]} 20... Bxd5
{[%clk 0:37:10]} 21. b3 {[%clk 0:41:31]} 21... b6 {[%clk 0:34:14]} 22. c4 {
[%clk 0:39:04]} 22... Bb7 {[%clk 0:33:36]} 23. d4 {[%clk 0:38:51]} 23... b5 {
[%clk 0:25:01]} 24. dxc5 {[%clk 0:35:50]} 24... dxc5 {[%clk 0:25:20]} 25. cxb5
{[%clk 0:32:39]} 25... axb5 {[%clk 0:25:41]} 26. Rxe8+ {[%clk 0:32:45]} 26...
Rxe8 {[%clk 0:25:44]} 27. Kh1 {[%clk 0:27:32]} 27... c4 {[%clk 0:20:08]} 28.
bxc4 {[%clk 0:23:13]} 28... bxc4 {[%clk 0:19:15]} 29. Nd4 {[%clk 0:20:44]}
29... Bxg2+ {[%clk 0:18:30]} 30. Kxg2 {[%clk 0:20:42]} 30... Rd8 { [%clk
0:17:28]} 31. Rd1 {[%clk 0:14:55]} 31... Nc6 {[%clk 0:06:59]} 32. Qc3 { [%clk
0:14:07]} 32... Nxd4 {[%clk 0:06:40]} 33. Bxd4 {[%clk 0:14:24]} 33... Qc6+
{[%clk 0:06:13]} 34. Kf2 {[%clk 0:12:22]} 34... Qd5 {[%clk 0:06:16]} 35. Ke3
{[%clk 0:11:02]} 35... Qe4+ {[%clk 0:06:33]} 36. Kf2 {[%clk 0:11:22]} 36...
Bxd4+ {[%clk 0:06:37]} 0-1

[Event "DEM U12w 2017"]
[Site "Willingen GER"]
[Date "2017.06.06"]
[Round "5"]
[White "Bashylina, Luisa"]
[Black "Kalina, Lena"]
[Result "1/2-1/2"]
[Termination "normal"]
[Board "6"]
[WhiteElo "1525"]
[BlackElo "1454"]
[WhiteClock "00:33:33"]
[BlackClock "00:21:27"]
[PlyCount "63"]
[WhiteFideId "12983292"]
[BlackFideId "12988014"]
[EventCountry "GER"]
[EventRounds "11"]
[EventType "swiss"]
[EventDate "2017.06.03"]

1. e4 {[%clk 1:15:58]} 1... c5 {[%clk 1:15:48]} 2. Nf3 {[%clk 1:16:22]} 2...
Nc6 {[%clk 1:16:05]} 3. Bb5 {[%clk 1:16:47]} 3... g6 {[%clk 1:16:27]} 4. Bxc6 {
[%clk 1:17:12]} 4... dxc6 {[%clk 1:16:50]} 5. h3 {[%clk 1:17:33]} 5... Bg7 {
[%clk 1:17:09]} 6. d3 {[%clk 1:17:27]} 6... Nf6 {[%clk 1:16:48]} 7. O-O { [%clk
1:17:07]} 7... O-O {[%clk 1:16:48]} 8. Nc3 {[%clk 1:17:15]} 8... b6 { [%clk
1:16:00]} 9. Be3 {[%clk 1:16:42]} 9... e5 {[%clk 1:15:09]} 10. Qd2 { [%clk
1:10:47]} 10... Bb7 {[%clk 1:14:04]} 11. Bh6 {[%clk 1:10:49]} 11... Nd7 { [%clk
1:13:09]} 12. Bxg7 {[%clk 1:10:38]} 12... Kxg7 {[%clk 1:13:24]} 13. Nh2 { [%clk
1:08:44]} 13... f6 {[%clk 1:08:14]} 14. f4 {[%clk 1:05:26]} 14... Qe7 { [%clk
1:03:28]} 15. Rae1 {[%clk 1:03:33]} 15... Rad8 {[%clk 1:01:01]} 16. Ng4 { [%clk
0:58:40]} 16... h5 {[%clk 0:51:49]} 17. Nh2 {[%clk 0:57:43]} 17... Rf7 { [%clk
0:45:50]} 18. Nf3 {[%clk 0:54:54]} 18... b5 {[%clk 0:38:48]} 19. b3 { [%clk
0:52:56]} 19... Qd6 {[%clk 0:35:32]} 20. fxe5 {[%clk 0:52:38]} 20... Nxe5
{[%clk 0:35:38]} 21. Rd1 {[%clk 0:49:06]} 21... Nxf3+ {[%clk 0:33:08]} 22. Rxf3
{[%clk 0:47:58]} 22... Bc8 {[%clk 0:31:38]} 23. a4 {[%clk 0:43:30]} 23... a6 {
[%clk 0:31:06]} 24. Qe3 {[%clk 0:40:38]} 24... Qd4 {[%clk 0:30:20]} 25. Qxd4 {
[%clk 0:38:45]} 25... cxd4 {[%clk 0:29:57]} 26. Ne2 {[%clk 0:37:48]} 26... f5 {
[%clk 0:28:12]} 27. Rdf1 {[%clk 0:37:15]} 27... c5 {[%clk 0:25:47]} 28. Ng3 {
[%clk 0:35:33]} 28... Rdf8 {[%clk 0:24:44]} 29. exf5 {[%clk 0:35:28]} 29...
Bxf5 {[%clk 0:24:19]} 30. Nxf5+ {[%clk 0:35:48]} 30... Rxf5 {[%clk 0:24:00]}
31. Rxf5 {[%clk 0:35:26]} 31... Rxf5 {[%clk 0:21:27]} 32. Re1 {[%clk 0:33:33]}
1/2-1/2

[Event "DEM U12w 2017"]
[Site "Willingen GER"]
[Date "2017.06.06"]
[Round "5"]
[White "Derling, Charlotte"]
[Black "Reichelt, Lena"]
[Result "0-1"]
[Termination "normal"]
[Board "8"]
[WhiteElo "1073"]
[BlackElo "1467"]
[PlyCount "90"]
[WhiteFideId "16222237"]
[BlackFideId "12981184"]
[EventCountry "GER"]
[EventRounds "11"]
[EventType "swiss"]
[EventDate "2017.06.03"]

1. e4 e6 2. d4 d5 3. Nc3 Nf6 4. e5 Nfd7 5. Bb5 a6 6. Bxd7+ Nxd7 7. Nf3 c5 8.
Be3 Be7 9. O-O O-O 10. Ne2 b6 11. c3 Bb7 12. Rb1 Rc8 13. Qd2 Rc6 14. Rfc1 f6
15. Bf4 fxe5 16. Nxe5 Nxe5 17. Bxe5 Bf6 18. Bf4 Rf7 19. Rd1 Qc8 20. Bg5 Qd8 21.
Bf4 a5 22. a3 Ba6 23. Be3 Qc8 24. b4 cxb4 25. cxb4 Rc2 26. Qxc2 Qxc2 27. Nf4
Qc8 28. Rdc1 Qd7 29. bxa5 bxa5 30. Rb8+ Rf8 31. Rb6 Bc8 32. Rcc6 Bxd4 33. Bxd4
Rxf4 34. Be5 Re4 35. Bc3 Rc4 36. Rxc4 dxc4 37. h3 Qd1+ 38. Kh2 Qd7 39. Rb2 Qd6+
40. Kg1 Qxa3 41. Rb8 Qc1+ 42. Kh2 Qf4+ 43. Kg1 Qxb8 44. Bxa5 Qe5 45. Bb4 c3 0-1

[Event "DEM U12w 2017"]
[Site "Willingen GER"]
[Date "2017.06.06"]
[Round "5"]
[White "Bayer, Melissa"]
[Black "Hentschel, Lena"]
[Result "1-0"]
[Termination "normal"]
[Board "9"]
[WhiteElo "1583"]
[BlackElo "1305"]
[PlyCount "113"]
[WhiteFideId "16206916"]
[BlackFideId "16240324"]
[EventCountry "GER"]
[EventRounds "11"]
[EventType "swiss"]
[EventDate "2017.06.03"]

1. e4 e5 2. Nf3 Nc6 3. Bb5 Nge7 4. O-O g6 5. d4 exd4 6. Nxd4 Bg7 7. Be3 O-O 8.
Nc3 a6 9. Ba4 d6 10. Re1 Ne5 11. Bg5 c6 12. Bb3 h6 13. Bh4 Re8 14. h3 Qb6 15.
Nf3 Qc7 16. Nxe5 Bxe5 17. Qf3 Rf8 18. Bf6 Be6 19. Re3 Rae8 20. h4 Qd7 21. Rd1
Bg4 22. Bxe5 Bxf3 23. Rxd6 Qg4 24. Rxf3 Qxh4 25. Rh3 Qg5 26. f4 Qg4 27. Rxh6
Qh5 28. Rxh5 gxh5 29. Rh6 Ng6 30. Rxg6+ Kh7 31. Rg7+ Kh6 32. Rxf7 Rxf7 33. Bxf7
Re7 34. Bc4 b5 35. Be2 Kg6 36. Kf2 h4 37. Ke3 Re8 38. Nd1 a5 39. Nf2 Re7 40.
Nh3 Re8 41. f5+ Kh6 42. Kf4 Rf8 43. Ng5 a4 44. Ne6 Rf7 45. Bg7+ Kh7 46. e5 Kg8
47. f6 b4 48. Ng5 a3 49. Bd3 Rxg7 50. Bc4+ Kf8 51. Ne6+ Ke8 52. Nxg7+ Kf8 53.
bxa3 bxa3 54. e6 Kg8 55. e7+ Kh7 56. e8=Q c5 57. Qh5# 1-0

[Event "DEM U12w 2017"]
[Site "Willingen GER"]
[Date "2017.06.06"]
[Round "5"]
[White "Schneider, Anna"]
[Black "Doll, Rebecca"]
[Result "1-0"]
[Termination "normal"]
[Board "10"]
[WhiteElo "1412"]
[BlackElo "1473"]
[PlyCount "107"]
[WhiteFideId "16200527"]
[BlackFideId "16236890"]
[EventCountry "GER"]
[EventRounds "11"]
[EventType "swiss"]
[EventDate "2017.06.03"]

1. e4 e5 2. Nf3 Nc6 3. Bc4 Bc5 4. c3 Nf6 5. d4 exd4 6. cxd4 Bb4+ 7. Bd2 Nxe4 8.
Bxb4 Nxb4 9. Qb3 d5 10. Qxb4 dxc4 11. Qxc4 O-O 12. O-O c6 13. Nc3 Nf6 14. Rfe1
Be6 15. Qb4 Qc7 16. Rac1 Rad8 17. Qa4 Qb6 18. Qa3 Rfe8 19. Rcd1 Bg4 20. Na4 Qa5
21. Rxe8+ Rxe8 22. Nc3 Qh5 23. Nb1 Re2 24. Nbd2 Qf5 25. h3 Qc2 26. Rf1 Bxf3 27.
Nxf3 Ne4 28. Qe7 h6 29. Qh4 Qxb2 30. a4 Kh7 31. a5 Qb5 32. Ne5 Qxa5 33. f3 Qd2
34. Qg4 Qxd4+ 35. Kh1 Nf2+ 36. Rxf2 Qa1+ 37. Kh2 Qxe5+ 38. f4 f5 39. fxe5 fxg4
40. Rxe2 a5 41. Ra2 b6 42. e6 Kg8 43. Kg3 gxh3 44. gxh3 Kf8 45. Kf4 Ke7 46. Ke5
c5 47. Rd2 a4 48. Rd7+ Ke8 49. Kd6 c4 50. e7 Kf7 51. Rd8 b5 52. e8=Q+ Kf6 53.
Qh5 g6 54. Qxb5 1-0

[Event "DEM U12w 2017"]
[Site "Willingen GER"]
[Date "2017.06.06"]
[Round "5"]
[White "Gossing, Marie-Sophie"]
[Black "Werner, Rosalie"]
[Result "0-1"]
[Termination "normal"]
[Board "11"]
[WhiteElo "1033"]
[BlackElo "1397"]
[PlyCount "66"]
[WhiteFideId "16217284"]
[BlackFideId "16223748"]
[EventCountry "GER"]
[EventRounds "11"]
[EventType "swiss"]
[EventDate "2017.06.03"]

1. e4 e6 2. d4 d5 3. exd5 exd5 4. Bd3 Bd6 5. Nc3 Nf6 6. Bg5 Be6 7. Qe2 c6 8.
O-O-O Nbd7 9. f4 h6 10. Bxf6 Bxf4+ 11. Kb1 Nxf6 12. Bf5 Qd7 13. Re1 Ke7 14. Nh3
Bd6 15. g3 Rae8 16. Nf4 Bxf4 17. gxf4 Kd8 18. Bxe6 Qxe6 19. Qd2 Qd7 20. a3
Rxe1+ 21. Rxe1 Re8 22. Na4 Rxe1+ 23. Qxe1 Ne4 24. Qh4+ Qe7 25. Qxe7+ Kxe7 26.
Nc5 Nxc5 27. dxc5 Kf6 28. b4 Kf5 29. a4 a6 30. Kb2 Kxf4 31. Kc3 Ke5 32. h4 f5
33. b5 a5 0-1

[Event "DEM U12w 2017"]
[Site "Willingen GER"]
[Date "2017.06.06"]
[Round "5"]
[White "Breß, Amy Charlize"]
[Black "Avetyan, Manan"]
[Result "1-0"]
[Termination "normal"]
[Board "12"]
[WhiteElo "1655"]
[BlackElo "1284"]
[PlyCount "81"]
[WhiteFideId "16233786"]
[BlackFideId "16244737"]
[EventCountry "GER"]
[EventRounds "11"]
[EventType "swiss"]
[EventDate "2017.06.03"]

1. e4 e5 2. Nf3 Nc6 3. Bb5 a6 4. Ba4 Nf6 5. O-O b5 6. Bb3 Bc5 7. c3 Be7 8. Re1
O-O 9. d4 exd4 10. cxd4 d5 11. Nc3 Bb4 12. exd5 Bxc3 13. bxc3 Nxd5 14. Bxd5
Qxd5 15. Bf4 Ra7 16. Qd2 Bg4 17. Ne5 Be6 18. Nxc6 Qxc6 19. Re5 Rd8 20. a3 a5
21. Rb1 Rb7 22. Rc5 Qe4 23. Re1 Qg6 24. Rxc7 Bd5 25. f3 Rb6 26. Rce7 f6 27. Bc7
Re6 28. R7xe6 Bxe6 29. Bxd8 Bh3 30. Kh1 Bf5 31. Bxa5 h5 32. Qf4 Bd3 33. d5 Bc4
34. d6 Qd3 35. Re8+ Kf7 36. Re7+ Kg6 37. Qe4+ Kg5 38. Qxd3 Bxd3 39. d7 Kf4 40.
d8=Q Bf5 41. Qd2# 1-0

[Event "DEM U12w 2017"]
[Site "Willingen GER"]
[Date "2017.06.06"]
[Round "5"]
[White "Jünk, Ellen"]
[Black "Wiemann, Vanessa"]
[Result "1/2-1/2"]
[Termination "normal"]
[Board "14"]
[WhiteElo "1446"]
[BlackElo "1305"]
[PlyCount "82"]
[WhiteFideId "16206487"]
[BlackFideId "12942987"]
[EventCountry "GER"]
[EventRounds "11"]
[EventType "swiss"]
[EventDate "2017.06.03"]

1. e4 e5 2. Nf3 Nc6 3. d4 exd4 4. Nxd4 Bb4+ 5. Bd2 Qe7 6. Nxc6 Qxe4+ 7. Qe2
Bxd2+ 8. Nxd2 Qxe2+ 9. Bxe2 dxc6 10. O-O-O Be6 11. Rhe1 O-O-O 12. Kb1 Nf6 13.
Nc4 Rhe8 14. b3 Nd5 15. Kb2 Nf4 16. Ne3 Rxd1 17. Bxd1 Ng6 18. Nf5 Rg8 19. Nd4
Bd7 20. a4 Rd8 21. g3 Bh3 22. Nf3 Bg4 23. Be2 Re8 24. Ng1 Bxe2 25. Rxe2 Rxe2
26. Nxe2 Kd7 27. f4 Kd6 28. c4 f6 29. Nd4 Ne7 30. Kc3 a6 31. b4 g6 32. g4 f5
33. g5 Kd7 34. h4 Kd6 35. Kd3 Nc8 36. Nf3 b5 37. a5 Ne7 38. Ne5 bxc4+ 39. Kxc4
Nd5 40. Nd3 Ne3+ 41. Kd4 Nd5 1/2-1/2

[Event "DEM U12w 2017"]
[Site "Willingen GER"]
[Date "2017.06.06"]
[Round "5"]
[White "Adelhardt, Lisa"]
[Black "Karlinger De la Quintana, Ainhoa"]
[Result "1-0"]
[Termination "normal"]
[Board "15"]
[WhiteElo "1324"]
[BlackElo "1344"]
[PlyCount "85"]
[WhiteFideId "16235380"]
[BlackFideId "16217268"]
[EventCountry "GER"]
[EventRounds "11"]
[EventType "swiss"]
[EventDate "2017.06.03"]

1. e4 d6 2. d4 Nf6 3. Nc3 g6 4. Bg5 Bg7 5. e5 dxe5 6. dxe5 Qxd1+ 7. Rxd1 Nfd7
8. f4 e6 9. Nb5 Na6 10. Nf3 O-O 11. Bc4 Ndc5 12. Nc3 b6 13. a3 Bb7 14. Bb5 c6
15. Be2 Bc8 16. b4 Nb7 17. Bxa6 b5 18. Bxb7 Bxb7 19. O-O a5 20. Ne4 axb4 21.
axb4 Rac8 22. Be7 Rfe8 23. Nd6 Rxe7 24. Nxc8 Bxc8 25. Rd8+ Bf8 26. Rxc8 Rb7 27.
Rd1 Kg7 28. Ng5 Bxb4 29. Rdd8 Bc5+ 30. Kf1 Be7 31. Rg8+ Kh6 32. Nxf7+ Kh5 33.
Rxc6 b4 34. Rxe6 Rc7 35. Rb8 Rxc2 36. Rxe7 Rc1+ 37. Ke2 Rc2+ 38. Kd3 Rxg2 39.
Ng5 Kg4 40. Rxh7 Kxf4 41. e6 Rxg5 42. e7 Rd5+ 43. Kc4 1-0

[Event "DEM U12w 2017"]
[Site "Willingen GER"]
[Date "2017.06.06"]
[Round "5"]
[White "Pflugradt, Natalie"]
[Black "Zöllner, Bente"]
[Result "1/2-1/2"]
[Termination "normal"]
[Board "17"]
[WhiteElo "1485"]
[BlackElo "1397"]
[PlyCount "114"]
[WhiteFideId "16212444"]
[BlackFideId "16230523"]
[EventCountry "GER"]
[EventRounds "11"]
[EventType "swiss"]
[EventDate "2017.06.03"]

1. e4 c5 2. Nc3 Nc6 3. f4 g6 4. Nf3 Bg7 5. Bc4 e6 6. d3 Nge7 7. O-O O-O 8. Qe1
d5 9. Bb3 Bd7 10. exd5 exd5 11. Nxd5 Nf5 12. c3 Be6 13. Ne3 Bxb3 14. axb3 Qxd3
15. Nxf5 Qxf5 16. Be3 Rfe8 17. Qf2 b6 18. Rae1 Qd5 19. Qc2 Qe4 20. Qc1 Qd5 21.
Nd2 Rad8 22. Rf2 Re6 23. Ree2 Rde8 24. Rf3 Bh6 25. Qe1 Qd3 26. Nf1 Qd5 27. Kh1
Qxb3 28. f5 Re5 29. Ng3 Bxe3 30. Rfxe3 Rxe3 31. Rxe3 Rxe3 32. Qxe3 Qd1+ 33. Qg1
Qxg1+ 34. Kxg1 Kg7 35. Kf2 Kf6 36. fxg6 fxg6 37. Ne4+ Kf5 38. Ke3 Ne5 39. Ng3+
Ke6 40. Ke4 Nc4 41. b4 Kd6 42. Kd3 Ne5+ 43. Ke4 cxb4 44. cxb4 a5 45. bxa5 bxa5
46. Kd4 Ng4 47. Ne4+ Kc6 48. h3 Nh6 49. Nd2 Kd6 50. Nc4+ Ke6 51. Nxa5 Kf5 52.
Ke3 Kg5 53. Kf3 Kh4 54. Nb3 Nf5 55. Kf2 g5 56. Nd2 g4 57. Ne4 gxh3 1/2-1/2

[Event "DEM U12w 2017"]
[Site "Willingen GER"]
[Date "2017.06.06"]
[Round "5"]
[White "Evering, Enna"]
[Black "Yakovleva, Lara"]
[Result "1-0"]
[Termination "normal"]
[Board "18"]
[WhiteElo "1419"]
[BlackElo "944"]
[PlyCount "39"]
[WhiteFideId "16218213"]
[BlackFideId "16244788"]
[EventCountry "GER"]
[EventRounds "11"]
[EventType "swiss"]
[EventDate "2017.06.03"]

1. e4 e5 2. Nf3 Nc6 3. d4 exd4 4. Nxd4 Bc5 5. Nb3 Qe7 6. Nc3 Nf6 7. f3 O-O 8.
Bg5 d6 9. Nxc5 dxc5 10. Nd5 Qe5 11. Nxf6+ gxf6 12. Bh6 Rd8 13. Qc1 Be6 14. Be2
Nb4 15. O-O Nxa2 16. Qe1 Nb4 17. Rc1 Qxb2 18. Qg3+ Bg4 19. Qxg4+ Kh8 20. Qg7#
1-0

[Event "DEM U12w 2017"]
[Site "Willingen GER"]
[Date "2017.06.06"]
[Round "5"]
[White "Petersen, Sophie"]
[Black "Fayngold, Sophie"]
[Result "1-0"]
[Termination "normal"]
[Board "19"]
[WhiteElo "1498"]
[BlackElo "1139"]
[PlyCount "89"]
[WhiteFideId "16229380"]
[EventCountry "GER"]
[EventRounds "11"]
[EventType "swiss"]
[EventDate "2017.06.03"]

1. e4 e5 2. Nf3 Nc6 3. d4 exd4 4. Bc4 d6 5. Nxd4 Nf6 6. Nc3 g6 7. O-O Bg7 8.
Be3 O-O 9. h3 Re8 10. Bg5 Nxd4 11. Qxd4 c5 12. Qd3 a6 13. a3 Bd7 14. Rfe1 Bc6
15. Rad1 Qe7 16. f3 Rad8 17. Kh1 Rd7 18. Ba2 b5 19. Bh4 Qe5 20. Bd5 c4 21. Qd2
Ba8 22. f4 Qh5 23. Bg5 Bxd5 24. exd5 Rdd8 25. Qf2 Rc8 26. Qb6 Rcd8 27. Qxa6 Rb8
28. Qxd6 Rbd8 29. Rxe8+ Rxe8 30. Bxf6 Bxf6 31. Qxf6 Qh6 32. d6 Qf8 33. d7 Rd8
34. Ne4 h6 35. Nc5 h5 36. Nb7 Rb8 37. d8=Q Rxd8 38. Rxd8 Qxd8 39. Qxd8+ Kg7 40.
Kh2 Kh7 41. Nd6 Kg7 42. Qd7 Kh6 43. Nxf7+ Kg7 44. Ng5+ Kh6 45. Qh7# 1-0